| 000 | 00807nam#a2200229#c#4500 | ||
|---|---|---|---|
| 003 | IEF | ||
| 005 | 20180219151232.0 | ||
| 008 | 950601s1979 ESP####fr####| 0||u|SPA|u | ||
| 040 | _aIEF | ||
| 041 | _aSPA | ||
| 100 | 1 |
_aOrtiz Navacerrada, Santiago _933363 |
|
| 245 |
_aConcurrencia de acreedores en el proceso de ejecución _c [por] Santiago Ortiz Navacerrada ; prólogo del Prof. Dr. Leonardo Prieto-Castro y Ferrándiz |
||
| 260 |
_aSalamanca _b Universidad. Departamento de Derecho Procesal _c1979 |
||
| 300 |
_a315 p. _c22 cm |
||
| 500 | _aBibliografía e índices | ||
| 490 | _aPublicaciones del Departamento de Derecho Procesal de la Universidadde Salamanca ; 4 | ||
| 650 | 4 |
_aESPAÑA _941092 |
|
| 650 | 4 |
_aPROCEDIMIENTO DE EJECUCIÓN _951573 |
|
| 942 | _cLIB | ||
| 942 | _z54541 | ||
| 999 |
_c14005 _d14005 |
||